| 000 | 00860nam a22002657a 4500 | ||
|---|---|---|---|
| 999 |
_c28514 _d28485 |
||
| 003 | EG-ScBUE | ||
| 005 | 20200719224930.0 | ||
| 008 | 200219s2013 enk f 000 0 eng d | ||
| 020 | _a9781107631526 | ||
| 040 |
_aEG-ScBUE _beng _erda _cEG-ScBUE _dEG-ScBUE |
||
| 082 | 0 | 4 |
_a428.44 _bACA _222 |
| 245 | 0 | 0 |
_aAcademic writing skills. _n3, _pTeacher's manual / _cZachary Blalock [and four others] |
| 246 | 3 | 0 | _aTeacher's manual |
| 264 | 1 |
_aCambridge, United Kingdom : _bCambridge University Press, _c2013. |
|
| 300 |
_a82 pages ; _c24 cm |
||
| 336 |
_2rdacontent _atext _btxt |
||
| 337 |
_2rdamedia _aunmediated _bn |
||
| 338 |
_2rdacarrier _avolume _bnc |
||
| 500 | _aIncludes appendix. | ||
| 650 | 7 |
_aAcademic writing. _2BUEsh |
|
| 653 |
_bHHUUEENN _cJuly2020 |
||
| 655 |
_vReading book _934232 |
||
| 700 | 1 |
_aBlalock, Zachary, _eauthor. _932593 |
|
| 942 |
_2ddc _cBB |
||